Дело о запрещении переписки нот без разрешения директора

Доступно только в Электронных читальных залах Найти на картеНа карте
RUSMARC
00004127nmc2a22000003x 450
0015e4e586a-fb8a-452a-97a2-84d0724a1494
00520181224224003.0
100##$a20170623l18451845k l0rusy0189 ca
1010#$arus
102##$aRU
2001#$aДело о запрещении переписки нот без разрешения директора
$j8-10 апреля 1845 г.
251##$cДело
300##$aПо Санкт-Петербургской дирекции за 1845 год
300##$aОриг. заголовок дела: Дело по предписанию его превосходительства господина директора о непроизведении переписки нот без разрешения его превосходительства. 8 апреля 1845 г. - 10 апреля 1845 г
801#0$aRU
$bРГИА
$c20170623
$gRCR
801#1$aRU
$bГлавНИВЦ
$c20170623
$2rusmarc
801#2$aRU
$bПБ им. Б.Н. Ельцина
$c20181224
$gRCR
$2rusmarc
850##$aРГИА
852##$aРГИА
$eФедеральное казенное учреждение "Российский государственный исторический архив" (РГИА)
$j10450
937##$hРГИА
$d12246549
$aASBIBLIO_SCAN
462#0$1001dd3991dc-24e1-42ec-8838-ca4255420416
$12001
$a1746-1850 гг.
$1251
$cОпись
$1852
$j1
461#0$10019264ebf8-de62-4f1a-9eb4-9f22098dbbd5
$12001
$aДирекция императорских театров МИДв
$1251
$cФонд
$1852
$j497
215##$a4 л.
$d36,5х26 см
371##$aДокумент не является опубликованным и широко распространяемым
105##$ay###
1222#$ad
5171#$aДело по предписанию его превосходительства господина директора о непроизведении переписки нот без разрешения его превосходительства. 8 апреля 1845 г. - 10 апреля 1845 г
035##$a5e4e586a-fb8a-452a-97a2-84d0724a1494
856##$uhttp://readingroom.main.prlib.ru/item.aspx?id_node=n122289425&mode=full
Формат отображения